[Event "Asian Continental Blitz op (Women) 19th"]
[Site "Delhi"]
[Date "2022.11.03"]
[Round "9"]
[White "Mohota, Nisha"]
[Black "Ranasinghe, Sachini D"]
[Result "0-1"]
[WhiteElo "2181"]
[BlackElo "1671"]
[PlyCount "108"]
[EventDate "2022.11.03"]
[EventType "swiss (blitz)"]
[EventRounds "9"]
[EventCountry "IND"]
[SourceTitle "EXT 2024"]
[Source "ChessBase"]
[SourceDate "2023.10.10"]
[SourceVersion "1"]
[SourceVersionDate "2023.10.10"]
[SourceQuality "1"]

1. d4 d5 2. c4 e6 3. Nc3 Nf6 4. cxd5 exd5 5. Bg5 Be7 6. e3 c6 7. Qc2 h6 8. Bh4 Nbd7 9. Bd3 b6 10. Nf3 Bb7 11. 0-0 0-0 12. Ne5 Nxe5 13. dxe5 Ng4 14. Bg3 Bh4 15. Bf4 g5 16. Bf5 Nxf2 17. g3 gxf4 18. exf4 Be7 19. Kxf2 Bc5+ 20. Kg2 Be3 21. Qe2 d4 22. Ne4 c5 23. Qg4+ Kh8 24. Qh5 Kg7 25. Kh3 Bxe4 26. Bxe4 Rc8 27. Rf3 f5 28. Bxf5 Rc6 29. e6 Qf6 30. g4 Rh8 31. Re1 a6 32. Kg2 Rd6 33. h4 Kf8 34. Kg3 Ke7 35. Kg2 b5 36. Kg3 c4 37. a3 a5 38. Kg2 b4 39. Bb1 bxa3 40. f5 axb2 41. Rfxe3 dxe3 42. Rxe3 Rd2+ 43. Kf3 a4 44. Ra3 Rd3+ 45. Bxd3 cxd3 46. Rxa4 b1Q 47. Ra7+ Kd6 48. Rd7+ Kc5 49. Rc7+ Kb6 50. Rf7 Qf1+ 51. Kg3 Qe1+ 52. Kf3 Qe2+ 53. Kg3 Qfe5+ 54. Kh3 Q5e3# 0-1

[Event "Asian Continental Blitz op (Women) 19th"]
[Site "Delhi"]
[Date "2022.11.03"]
[Round "7"]
[White "Mohota, Nisha"]
[Black "Soumya, Swaminathan"]
[Result "0-1"]
[WhiteElo "2181"]
[BlackElo "2326"]
[PlyCount "48"]
[EventDate "2022.11.03"]
[EventType "swiss (blitz)"]
[EventRounds "9"]
[EventCountry "IND"]
[SourceTitle "EXT 2024"]
[Source "ChessBase"]
[SourceDate "2023.10.10"]
[SourceVersion "1"]
[SourceVersionDate "2023.10.10"]
[SourceQuality "1"]

1. Nf3 Nf6 2. c4 g6 3. Nc3 Bg7 4. e4 d6 5. d4 0-0 6. Be2 e5 7. Be3 exd4 8. Nxd4 Re8 9. f3 c6 10. Qd2 d5 11. cxd5 cxd5 12. exd5 Nxd5 13. Bg5 Qa5 14. 0-0-0 Bxd4 15. Nxd5 Qxd5 16. Qxd4 Qxg5+ 17. f4 Qa5 18. Bc4 Nc6 19. Qf6 Be6 20. Bxe6 Rxe6 21. Qh4 Qxa2 22. Rhf1 Rc8 23. Rf3 Nd4+ 24. Rc3 Rxc3+ 0-1

[Event "Asian Continental op (Women) 19th"]
[Site "Delhi"]
[Date "2022.10.26"]
[Round "1"]
[White "Bhakti, Kulkarni"]
[Black "Mohota, Nisha"]
[Result "1-0"]
[WhiteElo "2376"]
[BlackElo "2181"]
[PlyCount "83"]
[EventDate "2022.10.26"]
[EventType "swiss"]
[EventRounds "9"]
[EventCountry "IND"]
[SourceTitle "EXT 2024"]
[Source "ChessBase"]
[SourceDate "2023.10.10"]
[SourceVersion "1"]
[SourceVersionDate "2023.10.10"]
[SourceQuality "1"]

1. Nf3 d5 2. g3 g6 3. Bg2 Bg7 4. 0-0 e5 5. d3 a5 6. c4 d4 7. e3 Ne7 8. exd4 exd4 9. Re1 Nbc6 10. Bf4 h6 11. h4 0-0 12. Na3 Na7 13. Qd2 Kh7 14. Qxa5 b6 15. Qd2 Bb7 16. Re2 Nf5 17. Rae1 c6 18. Nc2 Nc8 19. a3 Ra7 20. Bb8 Ra4 21. Be5 c5 22. Bxg7 Kxg7 23. Qf4 Ncd6 24. Na1 f6 25. Nh2 g5 26. Qg4 Ra7 27. Bxb7 Rxb7 28. Nb3 Qd7 29. Re6 Qf7 30. hxg5 fxg5 31. Nf3 Kh8 32. Nbd2 Qg7 33. Ne5 Rf6 34. Rxf6 Qxf6 35. Qh5 Ng7 36. Qh1 Ngf5 37. Ng4 Qg6 38. Qd5 Rg7 39. Re6 Qh5 40. Nf6 Qd1+ 41. Nf1 Qa4 42. g4 1-0

[Event "Titled Tuesday intern op 18th Oct Early"]
[Site "Chess.com INT"]
[Date "2022.10.18"]
[Round "8"]
[White "Flis, Pawel"]
[Black "Mohota, Nisha"]
[Result "0-1"]
[WhiteElo "1936"]
[BlackElo "2181"]
[PlyCount "88"]
[EventDate "2022.10.18"]
[EventType "swiss (blitz)"]
[EventRounds "11"]
[EventCountry "USA"]
[SourceTitle "EXT 2024"]
[Source "ChessBase"]
[SourceDate "2023.10.10"]
[SourceVersion "1"]
[SourceVersionDate "2023.10.10"]
[SourceQuality "1"]

1. Nf3 b5 2. g3 Bb7 3. Bg2 c5 4. 0-0 e6 5. d4 Nf6 6. a4 a6 7. axb5 axb5 8. Rxa8 Bxa8 9. Be3 c4 10. Bg5 Be7 11. Na3 Qb6 12. Ne5 Bxg2 13. Kxg2 d6 14. Nf3 0-0 15. Re1 d5 16. Ne5 b4 17. Nb1 h6 18. Bxf6 Bxf6 19. e3 Bxe5 20. dxe5 Nc6 21. f4 Ra8 22. Nd2 Ra2 23. Qb1 Qa7 24. Nf3 b3 25. cxb3 c3 26. Kh3 Rxb2 27. Qd3 Rxb3 28. Rc1 Qa3 29. Rc2 Nb4 30. Qb5 Nxc2 31. Qe8+ Qf8 32. Qc6 Nxe3 33. Nd4 Ra3 34. f5 Nxf5 35. Nxf5 exf5 36. Qxd5 c2 37. Qc6 f4 38. e6 fxe6 39. Qxe6+ Kh8 40. Qc6 Qf5+ 41. Kg2 f3+ 42. Kf2 Ra2 43. Qe8+ Kh7 44. Qc6 c1Q+ 0-1

[Event "Titled Tuesday intern op 18th Oct Early"]
[Site "Chess.com INT"]
[Date "2022.10.18"]
[Round "7"]
[White "Mohammadian, Mohammad"]
[Black "Mohota, Nisha"]
[Result "0-1"]
[WhiteElo "1398"]
[BlackElo "2181"]
[PlyCount "94"]
[EventDate "2022.10.18"]
[EventType "swiss (blitz)"]
[EventRounds "11"]
[EventCountry "USA"]
[SourceTitle "EXT 2024"]
[Source "ChessBase"]
[SourceDate "2023.10.10"]
[SourceVersion "1"]
[SourceVersionDate "2023.10.10"]
[SourceQuality "1"]

1. e4 a6 2. d4 b5 3. c3 Bb7 4. Bd3 e6 5. Be3 Nf6 6. Nd2 d6 7. h3 c5 8. Ngf3 Be7 9. 0-0 0-0 10. Re1 Nbd7 11. a3 e5 12. d5 c4 13. Bc2 Qc7 14. Nf1 g6 15. Ng3 Rfc8 16. Qd2 Bf8 17. Bh6 Bg7 18. Bxg7 Kxg7 19. Qg5 Kh8 20. Qh6 Qd8 21. Ng5 Qf8 22. Qxf8+ Rxf8 23. Rf1 h6 24. Nf3 Nc5 25. Nd2 Nfd7 26. f4 exf4 27. Rxf4 Kg7 28. Raf1 Ne5 29. Rf6 Rad8 30. R6f2 Ncd3 31. Bxd3 Nxd3 32. Re2 Nxb2 33. Nf3 Nd3 34. Nd4 Nc5 35. Ref2 Na4 36. Nge2 Nc5 37. Kh2 Nxe4 38. Rf4 Bxd5 39. g4 Bb7 40. Nc2 Nd2 41. Nb4 Nxf1+ 42. Rxf1 Rde8 43. Rf2 Re3 44. Nc2 Rd3 45. Ncd4 Re8 46. Nf4 Rxc3 47. Nfe2 Rxa3 0-1

[Event "Raipur Chhattisgarh"]
[Site "Raipur"]
[Date "2022.09.28"]
[Round "10"]
[White "Paichadze, Luka"]
[Black "Mohota, Nisha"]
[Result "1/2-1/2"]
[WhiteElo "2560"]
[BlackElo "2166"]
[PlyCount "83"]
[EventDate "2022.09.19"]
[EventType "swiss"]
[EventRounds "10"]
[EventCountry "IND"]
[SourceTitle "CBM 210 Extra"]
[Source "ChessBase"]
[SourceDate "2022.11.30"]
[SourceVersion "1"]
[SourceVersionDate "2022.11.30"]
[SourceQuality "1"]

1. e4 e5 2. Nc3 Nf6 3. Nf3 Nc6 4. Bb5 Bd6 5. d3 h6 6. Be3 0-0 7. 0-0 Re8 8. a3 Bf8 9. Bc4 d6 10. h3 Be6 11. Bxe6 Rxe6 12. Nd5 Re8 13. c4 Nxd5 14. cxd5 Ne7 15. Qb3 c6 16. dxc6 bxc6 17. Qa4 a5 18. d4 exd4 19. Nxd4 c5 20. Nb5 Qd7 21. Qc4 Rab8 22. a4 Nc6 23. Rfd1 Qe6 24. Rac1 Qxe4 25. Nxd6 Qxc4 26. Nxc4 Rb4 27. Nd6 Rd8 28. Bxc5 Rxa4 29. g3 Nd4 30. Rxd4 Rxd4 31. Bxd4 Bxd6 32. Rc4 Bb4 33. Kg2 Rd7 34. Kf3 Re7 35. Bc3 Bxc3 36. bxc3 f6 37. h4 Kf7 38. h5 Ra7 39. Ra4 Rc7 40. Rxa5 Rxc3+ 41. Kg4 Rc7 42. Kf3 1/2-1/2

[Event "Raipur Chhattisgarh"]
[Site "Raipur"]
[Date "2022.09.25"]
[Round "7"]
[White "Mohota, Nisha"]
[Black "Raahul, VS."]
[Result "0-1"]
[WhiteElo "2166"]
[BlackElo "2345"]
[PlyCount "70"]
[EventDate "2022.09.19"]
[EventType "swiss"]
[EventRounds "10"]
[EventCountry "IND"]
[SourceTitle "CBM 210 Extra"]
[Source "ChessBase"]
[SourceDate "2022.11.30"]
[SourceVersion "1"]
[SourceVersionDate "2022.11.30"]
[SourceQuality "1"]

1. e4 e6 2. d4 d5 3. Nc3 Nf6 4. e5 Nfd7 5. f4 c5 6. Nf3 Be7 7. Be3 b6 8. Be2 0-0 9. 0-0 Nc6 10. Qe1 f5 11. exf6 Nxf6 12. Rd1 Ng4 13. Bc1 cxd4 14. Bb5 dxc3 15. Bxc6 Bc5+ 16. Kh1 Rb8 17. h3 cxb2 18. Bxb2 Ne3 19. Be5 Ba6 20. Rg1 Nxd1 21. Nd4 Bxd4 22. Bxd4 Qd6 23. Ba4 Rbc8 24. Be5 Nf2+ 25. Kh2 Qc5 26. Bd7 Ne4 27. Bxe6+ Kh8 28. Qa1 Nf6 29. g4 Rce8 30. Bf5 Rxe5 31. fxe5 Ne4 32. Rg2 g6 33. Bd7 Rf1 34. Qb2 Qe3 35. e6+ d4 0-1